Dos farsas marciales.
Saved in:
| Main Author: | |
|---|---|
| Other Authors: | |
| Format: | Book |
| Language: | English |
| Published: |
Valencia, España:
Denes,
2003.
|
| Series: | Colección Calabria,
|
| Subjects: | |
| Tags: |
Add Tag
No Tags, Be the first to tag this record!
|
MARC
| LEADER | 00000nam a22000007a 4500 | ||
|---|---|---|---|
| 003 | CL-VaPUC | ||
| 005 | 20241127095339.0 | ||
| 008 | 241115t2003 ||||| |||| 00| 0 eng d | ||
| 999 | |c 445713 |d 445711 | ||
| 020 | |a 84-95802-27-9 | ||
| 040 | |c Pontificia Universidad Católica de Valparaíso | ||
| 082 | |2 22 |a Ch862 MOR 2003 | ||
| 100 | |9 867180 |a Morales, José Ricardo, |d 1915-2016 |e autor | ||
| 245 | |a Dos farsas marciales. | ||
| 260 | |a Valencia, España: |b Denes, |c 2003. | ||
| 300 | |a 150 páginas. | ||
| 490 | |a Colección Calabria, |n 8. | ||
| 500 | |a c.1 Donación. Memo EDU. 12-11-2024. | ||
| 583 | |c 20241115 |k Yessy Sthefany Diaz Vidal | ||
| 600 | 0 | |9 867180 |a Morales, José Ricardo, |d 1915-2016 |v Crítica e interpretación |x Dramaturgo español |z Chile | |
| 650 | 0 | |9 266701 |a Teatro chileno |x Dramas |x Dictaduras | |
| 700 | |9 893838 |a Peiró, José Vicente |e edición y prólogo | ||
| 942 | |2 ddc |c BK | ||
| 952 | |0 0 |1 0 |2 ddc |4 0 |6 CH_862_000000000000000_MOR_2003 |7 0 |8 A |9 598039 |a BIBEDU |b BIBEDU |d 2024-11-15 |e Donación |i 5663234 |o Ch862 MOR 2003 |p 5663234 |r 2024-11-15 |t 1 |w 2024-11-15 |y BK |k EDU | ||